| 000 | 00425cam a2200157 a 4500 | ||
|---|---|---|---|
| 020 | _a0078816343 : | ||
| 040 | _cDLC | ||
| 082 | 0 | 0 | _a652 OSB 1990 A041 Or. |
| 100 | 1 | _aAcerson, Karen L. | |
| 245 | 1 | 0 |
_aWordPerfect 5.1 : _bthe complete reference / |
| 260 |
_aBerkeley, Calif. : _bOsborne McGraw-Hill, _cc1990. |
||
| 300 |
_axlii, 1327 p. ; _c23 cm. |
||
| 500 | _aIncludes index. | ||
| 650 | 0 | _aWord processing. | |
| 942 | _cEK | ||
| 999 |
_c12060 _d12060 |
||